=LDR 00000nam 2200000 4500 =001 INLIS000000000048433 =005 20200422075601 =035 ##$$a 0010-111600000000012 =008 200422################g##########0#ind## =020 ##$$a 979-963-373-7 =040 ##$$a ind =084 ##$$a 2x3.55 WAW m =090 ##$$a 2x3.55 =100 ##$$a Wawan Susetya =245 1#$$a Misteri hidayah : $b Menyibak rahasia kekuatan hidayah ilahi dan bimbingan menggapainya dalam segala sisi kehidupan /$c Wawan Susetya =260 ##$$a Jogjakarta :$b DIVA Press,$c 2007 =300 ##$$a 259 hlm ; $c 20 x 13 cm =440 ##$$a MENYIBAK RAHASIA KEKUATAN HIDAYAH ILAHI DAN DAN BIMBINGAN MENGGAPAINYA DALAM SEGALA SISI KEHIDUPAN =850 ##$$a 0001/BPAP-NTB/2016 =082 ##$$a 2x3.55 =650 #4$$a Hidayah Ilahi =504 ##$$a Bibliografi: halaman 251 - 255 =990 ##$$a 20901089 =990 ##$$a 20901091 =990 ##$$a 06120612 =990 ##$$a 20901092 =990 ##$$a 20901089 =990 ##$$a 20901091